00971nam 2200277 a 4500001000800000005001700008008004100025035002100066906004500087010001700132020002500149040001800174043001200192050002200204082001500226245007700241260004800318300002900366504004100395650003100436650004200467700003300509991006100542991006300603099002700666149506619891003054737.5891003s1989 nyua bd 000 0deng  9(DLC) 88050254 a7bcbccorignewd2eocipf19gy-gencatlg a 88050254  a0500251037 :c$39.95 aDLCcDLCdDLC ae------00aCB351b.M565 198900a909.0722004aThe Middle Ages :ba concise encyclopaedia /cgeneral editor, H.R. Loyn. aNew York, N.Y. :bThames and Hudson,c1989. a352 p. :bill. ;c26 cm. aIncludes bibliographical references. 0aMiddle AgesxDictionaries. 0aCivilization, MedievalxDictionaries.1 aLoyn, H. R.q(Henry Royston) bc-GenCollhCB351i.M565 1989p00017819823tCopy 1wBOOKS br-MRRhCB351i.M565 1989tCopy 1mAlcwGenBib bi 90-003783 aloyn-middle-1071345176